[Event "Santiago Esucomex op"]
[Site "Santiago de Chile"]
[Date "1998.??.??"]
[Round "2"]
[White "Alfaro Ramos, Victor"]
[Black "Araya, Ricardo"]
[Result "0-1"]
[WhiteElo "2105"]
[BlackElo "2295"]
[PlyCount "100"]
[EventDate "1998.??.??"]
[EventType "swiss"]
[EventRounds "9"]
[EventCountry "CHI"]
[SourceTitle "EXT 1999"]
[Source "ChessBase"]
[SourceDate "1998.11.16"]
[SourceVersion "1"]
[SourceVersionDate "1998.11.16"]
[SourceQuality "1"]

1. d4 d5 2. Nf3 Nf6 3. Bf4 c5 4. c3 Qb6 5. Qb3 Nc6 6. Qxb6 axb6 7. e3 c4 8. Be2 b5 9. Ne5 e6 10. Nxc6 bxc6 11. h3 b4 12. 0-0 Be7 13. f3 0-0 14. Bg5 h6 15. Bh4 Bd7 16. Be1 Rfb8 17. Bd1 c5 18. Rf2 Rb7 19. Re2 Bc6 20. dxc5 Bxc5 21. cxb4 Bxb4 22. Bc3 Bc5 23. Bd4 Bd6 24. f4 Ne4 25. Nd2 Ng3 26. Rf2 Nf5 27. Nf3 f6 28. g4 Nxd4 29. Nxd4 Bd7 30. Bf3 Ra5 31. a3 e5 32. fxe5 fxe5 33. Nf5 Bxf5 34. gxf5 e4 35. Bh5 Bc5 36. Re2 Rb3 37. Kf2 Kf8 38. Rd1 Ba7 39. Bg4 Ke7 40. h4 Kf6 41. Bh3 Rab5 42. Rdd2 d4 43. exd4 Rxh3 44. Rxe4 Rh2+ 45. Ke1 Rxd2 46. Kxd2 Kxf5 47. Re7 Bxd4 48. Rc7 Rxb2+ 49. Kc1 c3 50. a4 Ke4 0-1

[Event "Santiago Esucomex op"]
[Site "Santiago de Chile"]
[Date "1998.??.??"]
[Round "6"]
[White "Queirolo Perez, Manuel"]
[Black "Araya, Ricardo"]
[Result "1-0"]
[WhiteElo "2075"]
[BlackElo "2295"]
[PlyCount "89"]
[EventDate "1998.??.??"]
[EventType "swiss"]
[EventRounds "9"]
[EventCountry "CHI"]
[SourceTitle "EXT 1999"]
[Source "ChessBase"]
[SourceDate "1998.11.16"]
[SourceVersion "1"]
[SourceVersionDate "1998.11.16"]
[SourceQuality "1"]

1. e4 d6 2. d4 Nf6 3. Nc3 g6 4. Bc4 Bg7 5. Nf3 c6 6. e5 dxe5 7. Nxe5 0-0 8. 0-0 Nbd7 9. f4 Nb6 10. Be2 Nbd5 11. Nxd5 cxd5 12. Bf3 Bf5 13. Qe2 h5 14. Be3 Rc8 15. c3 Qa5 16. h3 Be4 17. g4 Bxf3 18. Rxf3 e6 19. f5 exf5 20. gxf5 Qa6 21. Qxa6 bxa6 22. fxg6 fxg6 23. Nxg6 Rfe8 24. Bg5 Kf7 25. Bxf6 Kxg6 26. Bxg7 Kxg7 27. Kf2 Rf8 28. Rg1+ Kh6 29. Rgg3 a5 30. Rxf8 Rxf8+ 31. Ke2 a4 32. b3 axb3 33. axb3 Rc8 34. Kd3 Rb8 35. Kc2 Rc8 36. h4 Rf8 37. c4 Rf4 38. Kc3 Rxh4 39. c5 Rf4 40. Rd3 Kg5 41. Kb4 Rf6 42. Rc3 Rf8 43. c6 Kg4 44. c7 Rc8 45. Kb5 1-0

[Event "Santiago op"]
[Site "Santiago de Chile"]
[Date "1997.??.??"]
[Round "2"]
[White "Araya, Ricardo"]
[Black "Alvarez, Sergio"]
[Result "1-0"]
[WhiteElo "2295"]
[BlackElo "2055"]
[PlyCount "63"]
[EventDate "1997.??.??"]
[EventType "swiss"]
[EventRounds "9"]
[EventCountry "CHI"]
[SourceTitle "EXT 1998"]
[Source "ChessBase"]
[SourceDate "1997.11.17"]
[SourceVersion "1"]
[SourceVersionDate "1997.11.17"]
[SourceQuality "1"]

1. d4 Nf6 2. c4 g6 3. Nc3 Bg7 4. e4 d6 5. f3 0-0 6. Bg5 c5 7. d5 Bd7 8. Qd2 Re8 9. Nge2 b5 10. Nxb5 Bxb5 11. cxb5 a6 12. Nc3 Nfd7 13. Be2 Bd4 14. Be3 Bg7 15. 0-0 e6 16. dxe6 Rxe6 17. Bc4 Re5 18. Qxd6 Rh5 19. Qg3 Nb6 20. Rad1 Qe8 21. Bd5 Nxd5 22. Nxd5 Qf8 23. Qc7 Be5 24. Qb7 Nd7 25. Qxd7 Bxh2+ 26. Kf2 axb5 27. Nf6+ Kg7 28. Nxh5+ gxh5 29. Rh1 Qb8 30. Qh3 Be5 31. Qxh5 Rxa2 32. Qg5+ 1-0

[Event "CHI-ch"]
[Site "Santiago de Chile"]
[Date "1994.??.??"]
[Round "?"]
[White "Araya, Ricardo"]
[Black "Correa Jaramillo, Jaime"]
[Result "1-0"]
[WhiteElo "2320"]
[BlackElo "2265"]
[PlyCount "81"]
[EventDate "1994.??.??"]
[EventType "tourn"]
[EventRounds "12"]
[EventCountry "CHI"]
[EventCategory "1"]
[SourceTitle "EXT 2001"]
[Source "ChessBase"]
[SourceDate "2000.11.22"]
[SourceVersion "1"]
[SourceVersionDate "2000.11.22"]
[SourceQuality "1"]

1. d4 Nf6 2. Nf3 d5 3. c4 c6 4. Nc3 dxc4 5. e3 g6 6. Bxc4 Bg7 7. 0-0 0-0 8. Bb3 Nd5 9. Bd2 Nxc3 10. Bxc3 Nd7 11. e4 Nf6 12. Qe2 Bg4 13. Rad1 e6 14. h3 Bxf3 15. Qxf3 Nh5 16. g3 Qe7 17. Qe3 Rad8 18. e5 Bh8 19. g4 Ng7 20. a3 Qh4 21. Kg2 Rd7 22. f4 Re8 23. Rf3 Qd8 24. Rff1 Qb6 25. Ba2 Qd8 26. Qf3 Qb6 27. Qf2 Red8 28. Kh2 Ne8 29. Rde1 Nc7 30. f5 Bg7 31. h4 Qb5 32. h5 Nd5 33. hxg6 hxg6 34. Bxd5 Qxd5 35. f6 c5 36. fxg7 cxd4 37. Qh4 Kxg7 38. Qf6+ Kg8 39. Bd2 Kh7 40. Kg3 Qb3+ 41. Bc3 1-0

[Event "CHI-ch"]
[Site "Santiago de Chile"]
[Date "1994.??.??"]
[Round "?"]
[White "Araya, Ricardo"]
[Black "Silva Sanchez, Carlos"]
[Result "1/2-1/2"]
[WhiteElo "2320"]
[BlackElo "2370"]
[PlyCount "150"]
[EventDate "1994.??.??"]
[EventType "tourn"]
[EventRounds "12"]
[EventCountry "CHI"]
[EventCategory "1"]
[SourceTitle "EXT 2001"]
[Source "ChessBase"]
[SourceDate "2000.11.22"]
[SourceVersion "1"]
[SourceVersionDate "2000.11.22"]
[SourceQuality "1"]

1. d4 Nf6 2. c4 c5 3. d5 e5 4. Nc3 d6 5. e4 Be7 6. Be2 0-0 7. Nf3 Nbd7 8. 0-0 Ne8 9. Rb1 Kh8 10. b4 b6 11. a4 a5 12. bxa5 bxa5 13. g3 g6 14. Ne1 Ng7 15. f4 f5 16. Bf3 exf4 17. gxf4 Ba6 18. Nb5 fxe4 19. Bxe4 Nf6 20. Bd3 Bc8 21. Ng2 Nfh5 22. Rb3 Rf7 23. Be2 Nf6 24. Bb2 Kg8 25. Kh1 Bf8 26. Bd3 Nf5 27. Qe1 Bg7 28. Qa1 Nh5 29. Bxg7 Nhxg7 30. Bc2 Rb8 31. Qc3 Rbb7 32. Rbb1 Nh5 33. Rbe1 Rbe7 34. Kg1 Nfg7 35. Rxe7 Rxe7 36. Rf2 Bf5 37. Bd1 Nf6 38. Re2 Rxe2 39. Bxe2 Be4 40. Bf3 Bxf3 41. Qxf3 Nfh5 42. Qc3 h6 43. Qe1 Kh7 44. Qh4 Qd7 45. Qe1 Qd8 46. h3 Qf6 47. Qc3 Qxc3 48. Nxc3 Ne8 49. Nb5 Nhf6 50. Na7 Nd7 51. Nc6 Nb6 52. Nxa5 Nxa4 53. Kf2 Kg7 54. Ne3 Kf7 55. Kf3 Nb6 56. Ng4 h5 57. Nf2 Nf6 58. h4 Ke7 59. Nh1 Ne8 60. Ng3 Ng7 61. Ke4 Kf6 62. Ke3 Nf5+ 63. Nxf5 gxf5 64. Kd3 Nd7 65. Ke3 Ke7 66. Nb3 Nf6 67. Nd2 Kf7 68. Nf3 Ng4+ 69. Ke2 Kf6 70. Ng5 Kg6 71. Ne6 Kf6 72. Nc7 Ke7 73. Ne6 Kf6 74. Ng5 Ke7 75. Ne6 Kf6 1/2-1/2

[Event "CHI-ch"]
[Site "Santiago de Chile"]
[Date "1994.??.??"]
[Round "?"]
[White "Silva Lillo, Sebastian"]
[Black "Araya, Ricardo"]
[Result "1-0"]
[WhiteElo "2360"]
[BlackElo "2320"]
[PlyCount "144"]
[EventDate "1994.??.??"]
[EventType "tourn"]
[EventRounds "12"]
[EventCountry "CHI"]
[EventCategory "1"]
[SourceTitle "EXT 2001"]
[Source "ChessBase"]
[SourceDate "2000.11.22"]
[SourceVersion "1"]
[SourceVersionDate "2000.11.22"]
[SourceQuality "1"]

1. d4 d5 2. Nf3 Nf6 3. c4 c6 4. Nc3 e6 5. Bg5 dxc4 6. e4 b5 7. e5 h6 8. Bh4 g5 9. Nxg5 hxg5 10. Bxg5 Nbd7 11. exf6 Bb7 12. g3 c5 13. d5 Bh6 14. Bxh6 Rxh6 15. Bg2 Nxf6 16. Nxb5 Qa5+ 17. Nc3 0-0-0 18. 0-0 exd5 19. Qf3 Rdh8 20. h4 Qa6 21. Qf4 d4 22. Bh3+ Nd7 23. Qxf7 Qc6 24. Qxd7+ Qxd7 25. Bxd7+ Kxd7 26. Ne2 Rb6 27. b3 c3 28. Nf4 Bf3 29. Rfe1 Re8 30. Nd3 Rxe1+ 31. Rxe1 Kd6 32. Ne5 Bd5 33. h5 Rb7 34. f4 c4 35. bxc4 c2 36. Kf2 Rb1 37. Nd3 Bxc4 38. Nc1 Rb7 39. h6 Rh7 40. Rh1 Ke6 41. g4 Kf6 42. Ke1 Kg6 43. g5 Kf5 44. Kd2 Bd5 45. Rf1 Bg2 46. Rf2 Be4 47. Ne2 Kg4 48. Rf1 d3 49. Nc3 Bg6 50. Nd5 Rb7 51. Ne3+ Kh4 52. Rh1+ Kg3 53. f5 Rb1 54. Rf1 Bxf5 55. Nxf5+ Kg4 56. Ne3+ Kxg5 57. h7 Rb8 58. Kxd3 Rh8 59. Kxc2 Rxh7 60. Nc4 Rc7 61. Kb3 Rb7+ 62. Ka4 Rc7 63. Na5 Re7 64. Nc6 Rc7 65. Nb4 Rd7 66. a3 Kg4 67. Ka5 Re7 68. Ka6 Rc7 69. a4 Rc4 70. Kb5 Rc7 71. a5 Rb7+ 72. Kc5 Rh7 1-0

[Event "CHI-ch"]
[Site "Santiago de Chile"]
[Date "1993.??.??"]
[Round "?"]
[White "Arancibia Guzman, Eduardo"]
[Black "Araya, Ricardo"]
[Result "0-1"]
[WhiteElo "2300"]
[BlackElo "2320"]
[PlyCount "65"]
[EventDate "1993.??.??"]
[EventType "tourn"]
[EventRounds "13"]
[EventCountry "CHI"]
[SourceTitle "EXT 1998"]
[Source "ChessBase"]
[SourceDate "1997.11.17"]
[SourceVersion "1"]
[SourceVersionDate "1997.11.17"]
[SourceQuality "1"]

1. e4 e6 2. d4 d5 3. Nc3 Bb4 4. e5 c5 5. a3 Bxc3+ 6. bxc3 Qa5 7. Bd2 Ne7 8. a4 Nbc6 9. Nf3 Bd7 10. Bb5 Qc7 11. 0-0 0-0 12. Bc1 b6 13. Ba3 Na5 14. dxc5 Bxb5 15. cxb6 axb6 16. axb5 Rfc8 17. Bb4 Nc4 18. Re1 Ng6 19. Rxa8 Rxa8 20. Qd4 Ngxe5 21. Ng5 h6 22. Nh3 Ra2 23. f4 Ng4 24. g3 Rxc2 25. Qd3 Rxh2 26. Qf3 f5 27. Rxe6 Qb7 28. Re8+ Kh7 29. Qd3 Qf7 30. Rf8 Qe6 31. Qxf5+ Qxf5 32. Rxf5 Rxh3 33. Kg2 0-1

[Event "Santiago ARAIS tt-A"]
[Site "Santiago de Chile"]
[Date "1993.??.??"]
[Round "7"]
[White "Araya, Ricardo"]
[Black "Bombardiere Rosas, Eduardo"]
[Result "1-0"]
[WhiteElo "2320"]
[BlackElo "2270"]
[PlyCount "85"]
[EventDate "1992.??.??"]
[EventType "swiss"]
[EventRounds "9"]
[EventCountry "CHI"]
[SourceTitle "EXT 1999"]
[Source "ChessBase"]
[SourceDate "1998.11.16"]
[SourceVersion "1"]
[SourceVersionDate "1998.11.16"]
[SourceQuality "1"]

1. d4 d5 2. c4 c6 3. Nc3 Nf6 4. e3 Bf5 5. Qb3 Qb6 6. Qxb6 axb6 7. cxd5 Nxd5 8. Nxd5 cxd5 9. Bd2 Nc6 10. Nf3 Bd7 11. Bb5 e6 12. 0-0 Bd6 13. Rfc1 Na5 14. Bd3 0-0 15. Ne5 Bxe5 16. dxe5 Rfc8 17. Bc3 Nc4 18. b3 Na5 19. Rc2 g5 20. Rac1 b5 21. h3 Nc6 22. Bxb5 Nxe5 23. Bxe5 Rxc2 24. Rxc2 Bxb5 25. Rc7 Bc6 26. a4 h6 27. f3 Rf8 28. a5 f6 29. Bc3 Ra8 30. Bxf6 Rxa5 31. Rg7+ Kf8 32. Rh7 Rb5 33. Rxh6 Rxb3 34. Bxg5 e5 35. Re6 d4 36. exd4 exd4 37. Rd6 d3 38. h4 Kf7 39. Kf2 Rb2+ 40. Kg3 Bb5 41. Rb6 Rb1 42. h5 Kg8 43. Rxb7 1-0

[Event "Santiago op"]
[Site "Santiago de Chile"]
[Date "1992.??.??"]
[Round "7"]
[White "Arancibia Guzman, Eduardo"]
[Black "Araya, Ricardo"]
[Result "0-1"]
[WhiteElo "2345"]
[BlackElo "2290"]
[PlyCount "46"]
[EventDate "1992.??.??"]
[EventType "swiss"]
[EventRounds "9"]
[EventCountry "CHI"]
[SourceTitle "EXT 1998"]
[Source "ChessBase"]
[SourceDate "1997.11.17"]
[SourceVersion "1"]
[SourceVersionDate "1997.11.17"]
[SourceQuality "1"]

1. d4 d5 2. Nf3 Nf6 3. g3 c6 4. Bg2 Bf5 5. 0-0 h6 6. c4 e6 7. Nc3 Be7 8. b3 0-0 9. Bb2 Nbd7 10. Rc1 Bh7 11. Nd2 Rc8 12. e4 Nxe4 13. Ndxe4 dxe4 14. Nxe4 Nf6 15. Nxf6+ Bxf6 16. Qe2 Qa5 17. Bc3 Qa3 18. Qd2 Rfd8 19. f4 Rc7 20. Rfd1 Rcd7 21. Qf2 Bxd4 22. Rxd4 Qxc1+ 23. Bf1 Qxc3 0-1

[Event "Santiago ARAIS tt-A"]
[Site "Santiago de Chile"]
[Date "1992.??.??"]
[Round "?"]
[White "Araya, Ricardo"]
[Black "Salazar Jacob, Hernan"]
[Result "0-1"]
[WhiteElo "2290"]
[BlackElo "2380"]
[PlyCount "94"]
[EventDate "1992.??.??"]
[EventType "swiss"]
[EventRounds "9"]
[EventCountry "CHI"]
[SourceTitle "EXT 2002"]
[Source "ChessBase"]
[SourceDate "2001.11.25"]
[SourceVersion "1"]
[SourceVersionDate "2001.11.25"]
[SourceQuality "1"]

1. d4 f5 2. g3 Nf6 3. Bg2 e6 4. Nf3 d5 5. 0-0 Bd6 6. c4 c6 7. Qc2 0-0 8. Nbd2 Ne4 9. Ne5 Nd7 10. Ndf3 g5 11. Nxd7 Bxd7 12. Ne5 Be8 13. Qb3 Qe7 14. cxd5 exd5 15. f3 Nc5 16. Qc3 Ne6 17. f4 Nxd4 18. Rf2 Ne6 19. e3 Rd8 20. Nd3 Bh5 21. Bd2 Bc7 22. Qb3 Bd6 23. Re1 Rf7 24. Bc3 Nc5 25. Nxc5 Bxc5 26. Be5 d4 27. Rc2 dxe3 28. Rxc5 Qxc5 29. Qxe3 Qxe3+ 30. Rxe3 Rd1+ 31. Bf1 Re7 32. Rd3 Rxd3 33. Bxd3 gxf4 34. gxf4 Bg6 35. Kf2 b5 36. b4 Kf7 37. Bc2 Rxe5 38. fxe5 Ke6 39. Bd1 Kxe5 40. Bf3 Be8 41. Ke3 f4+ 42. Kd2 Kd4 43. a3 Bd7 44. h4 c5 45. bxc5 Kxc5 46. Be4 h6 47. Bd3 Kd4 0-1

[Event "Asuncion"]
[Site "Asuncion"]
[Date "1991.??.??"]
[Round "1"]
[White "Montero Martinez, Cristian"]
[Black "Araya, Ricardo"]
[Result "1-0"]
[WhiteElo "2295"]
[BlackElo "2275"]
[PlyCount "79"]
[EventDate "1991.??.??"]
[EventType "tourn"]
[EventRounds "9"]
[EventCountry "PAR"]
[EventCategory "4"]
[SourceTitle "EXT 1998"]
[Source "ChessBase"]
[SourceDate "1997.11.17"]
[SourceVersion "1"]
[SourceVersionDate "1997.11.17"]
[SourceQuality "1"]

1. c4 f5 2. Nc3 Nf6 3. g3 g6 4. Bg2 Bg7 5. Nf3 0-0 6. 0-0 d6 7. d4 Nc6 8. d5 Na5 9. Nd2 c5 10. a3 b6 11. Rb1 Rb8 12. b4 Nb7 13. Bb2 Bd7 14. e3 Qe8 15. Qe2 e5 16. dxe6 Bxe6 17. Nb5 Qf7 18. Nxa7 Na5 19. Nc6 Nxc6 20. Bxc6 Rbc8 21. b5 Rxc6 22. bxc6 Qc7 23. e4 Qxc6 24. e5 dxe5 25. Bxe5 Re8 26. Rfe1 Bc8 27. Qf3 Ne4 28. Bxg7 Kxg7 29. Nxe4 fxe4 30. Qb3 Re6 31. Re3 Bb7 32. Rd1 Rd6 33. Qb2+ Kg8 34. Rxd6 Qxd6 35. h4 Qe6 36. Qb5 Qd6 37. a4 Kf8 38. a5 Qd1+ 39. Kg2 Bc8 40. axb6 1-0